| 000 | 00467 a2200205 4500 | ||
|---|---|---|---|
| 001 | 110337 | ||
| 020 | _a0395559936 | ||
| 041 | _apor | ||
| 090 | _aP JK 599 | ||
| 092 | _a90034042 | ||
| 100 | _aTriggs, Barbara. | ||
| 250 | _a1st American ed. | ||
| 300 | _a(41) p. | ||
| 697 | _aWombats | ||
| 856 | _u000028/0000286f.jpg | ||
| 040 |
_aBR-BrIDEA _cBR-BrIDEA |
||
| 245 | 1 | 0 |
_aWombats _c Barbara Triggs |
| 260 |
_a[S.l.] _bHoughton Mifflin _c1991 |
||
| 942 | _cBK | ||
| 999 |
_c110337 _d110337 |
||